000 00463nam a2200181Ia 4500
008 240925s9999 xx 000 0 und d
020 _a085112710x
082 _a032.07 GUI
100 _aGuinness - -
245 4 _aThe Guinness Book of Answers
250 _a9th
260 _aNew York:
_bMc Graw HIll
_c,1993.
300 _a1792p.
_bNA
_fOriginal
500 _aIncludes Index
600 _aHumanities & Natural Science
650 _aEncyclopedia
942 _cBK
999 _c2943
_d2943